| 000 | 00455nam a2200181Ia 4500 | ||
|---|---|---|---|
| 003 | GCL | ||
| 008 | 140319s9999 xx 000 0 eng d | ||
| 040 |
_aGCL / _cGCL |
||
| 082 | 0 | 4 |
_a745.4 _bL A |
| 100 | 1 | _aLORENZ,JOANNA | |
| 245 | 1 | 0 |
_aANIMAL PATTERNS / _cLORENZ,JOANNA |
| 260 |
_a[S.N] : _bCHARLES LETTS AND COMPANY LTD ، _c1992 |
||
| 300 | _a48 | ||
| 650 | 0 | 4 | _aDRAWING ANIMAL |
| 650 | 0 | 4 | _aANIMAL PATTERN |
| 650 | 0 | 4 | _aPATTERNS |
| 942 |
_2ddc _cBK |
||
| 999 |
_c23876 _d23876 |
||